000 00740nam a2200253Ia 4500
003 OSt
005 20220918181855.0
006 a|||||r|||| 00| 0
007 ta
008 220917b |||||||| |||| 00| 0 eng d
024 _a29,080
037 _cTextual
040 _aARTS
_cARTS
_beng
041 _2eng
_aeng
082 _aO111,3:g(S), N1 (MILSC)
100 _aClyton John J
_959386
245 0 _aGestures of healing
_b anxiety and the modern novel
260 _aAmherst
_bUniv Of massachusetts Press
_c1991
300 _aix,230p.
_ccm.
500 _aBib 217-26p.; includes index
650 _aENGLISH LITERATURE
942 _hO111,3:g(S), N1 (MILSC)
_cTEXL
_2CC
999 _c167117
_d167117